Лінгвокультурні особливості вживання етикетних конструкцій в англійській, французькій та українській мовах. (Запис № 284294)

МАРК-запис
000 -LEADER
fixed length control field 02300nam a22001577a 4500
041 ## - LANGUAGE CODE
Language code of text/sound track or separate title ukr
080 ## - UNIVERSAL DECIMAL CLASSIFICATION NUMBER
Universal Decimal Classification number 09
090 ## - LOCALLY ASSIGNED LC-TYPE CALL NUMBER (OCLC); LOCAL CALL NUMBER (OCLC)
Local cutter number (OCLC) ; Book number/undivided call number, CALL (RLIN) БОС
100 ## - MAIN ENTRY--PERSONAL NAME
Personal name Босик О.С.
245 ## - TITLE STATEMENT
Title Лінгвокультурні особливості вживання етикетних конструкцій в англійській, французькій та українській мовах.
260 ## - PUBLICATION, DISTRIBUTION, ETC. (IMPRINT)
Place of publication, distribution, etc Острог
Name of publisher, distributor, etc КАФ
Date of publication, distribution, etc 2010
300 ## - PHYSICAL DESCRIPTION
Extent 97
520 ## - SUMMARY, ETC.
Summary, etc ВСТУП<br/>РОЗДІЛ 1 МОВЛЕННЄВИЙ ЕТИКЕТ ЯК ПРЕДМЕТ ЛІНГВІСТИЧНИХ СТУДІЙ<br/>1.1 Аспекти вивчення етикетних конструкцій у сучасному мовознавстві.<br/>1.2 Компоненти, характеристики та функції мовленнєвого етикету.<br/>1.3 Категорія ввічливості в лінгвокультурологічному аспекті.<br/>1.4 Ділове спілкування як основа ділового етикету.<br/>1.5 Діловий етикет як різновид епістолярного тексту.<br/>РОЗДІЛ 2 ЕТНОКУЛЬТУРНА СПЕЦИФІКА ЕТИКЕТНИХ МОДЕЛЕЙ ПОВЕДІНКИ В АНГЛІЙСЬКІЙ ТА ФРАНЦУЗЬКІЙ МОВАХ<br/>2.1 Соціолінгвістичні аспекти англійського та французького мовленнєвого етикету.<br/>2.2 Лексико-синтаксичні особливості вираження привітання.<br/>2.3 Особливості тематичної групи прощання (лексико-синтаксичний рівень).<br/>2.4 Лексико-синтаксичні аспекти вираження подяки.<br/>РОЗДІЛ 3 ЕТИКЕТНІ КОНСТРУКЦІЇ ДІЛОВОГО ЛИСТУВАННЯ В УКРАЇНСЬКІЙ, АНГЛІЙСЬКІЙ ТА ФРАНЦУЗЬКІЙ МОВАХ (ПОРІВНЯЛЬНИЙ АНАЛІЗ)<br/>3.1 реалізація мовних формул в офіційно-діловому стилі.<br/>3.2 Етикетні конструкції привітання
-- мовленнєвий етикет, етикетні моделі, діловий лист
650 ## - SUBJECT ADDED ENTRY--TOPICAL TERM
Topical term or geographic name as entry element Research Papers
942 ## - ADDED ENTRY ELEMENTS (KOHA)
Koha item type Книги
Фонди
Withdrawn status Lost status Source of classification or shelving scheme Damaged status Not for loan Home library Current library Date acquired Source of acquisition Cost, normal purchase price Total Checkouts Full call number Barcode Date last seen Price effective from Koha item type
    Universal Decimal Classification     ВІЛ - Відділ іноземн. літератури НБ ВІЛ - Відділ іноземн. літератури НБ 16/04/2009 Акт №1 1.00   09 213953 15/12/2021 16/04/2009 Книги